[Event "Bodensee Seniors op"]
[Site "Bregenz"]
[Date "2025.05.26"]
[Round "2"]
[White "Schmuki, Roman"]
[Black "Adrian, Claude"]
[Result "1/2-1/2"]
[WhiteElo "1971"]
[BlackElo "2142"]
[PlyCount "46"]
[EventDate "2025.05.25"]
[EventType "swiss"]
[EventRounds "7"]
[EventCountry "AUT"]
[SourceTitle "CB29_2025"]
[SourceDate "2025.07.16"]
[SourceVersion "1"]
[SourceVersionDate "2025.07.16"]
[SourceQuality "1"]

1. e4 e6 2. d4 d5 3. Nd2 Nc6 4. Ngf3 Nf6 5. exd5 exd5 6. Bb5 Bd6 7. 0-0 0-0 8. Re1 Bf5 9. c3 Ne4 10. Nf1 Qf6 11. Be3 Bg4 12. Be2 Rfe8 13. N3d2 Bxe2 14. Rxe2 Qg6 15. f3 Ng5 16. Bxg5 Qxg5 17. Qe1 Kf8 18. Qf2 Rxe2 19. Qxe2 Re8 20. Qf2 Qe7 21. g3 h5 22. f4 Qe2 23. Nf3 f6 1/2-1/2

[Event "FRA-chT rapid"]
[Site "Cappelle la Grande"]
[Date "2025.04.21"]
[Round "15.12"]
[White "Nevejans, Eric"]
[Black "Adrian, Claude"]
[Result "0-1"]
[WhiteElo "1993"]
[BlackElo "2148"]
[PlyCount "56"]
[EventDate "2025.04.19"]
[EventType "team-swiss (rapid)"]
[EventRounds "15"]
[EventCountry "FRA"]
[SourceTitle "CB17_2025"]
[SourceDate "2025.04.23"]
[SourceVersion "1"]
[SourceVersionDate "2025.04.23"]
[SourceQuality "1"]

1. Nf3 Nf6 2. d4 c5 3. d5 b5 4. c4 g6 5. cxb5 a6 6. bxa6 Bxa6 7. Nc3 Bg7 8. g3 d6 9. Bg2 Nbd7 10. h3 Nb6 11. 0-0 0-0 12. Rb1 Bc4 13. b3 Bxd5 14. Nxd5 Nfxd5 15. Bb2 Rxa2 16. Bxg7 Kxg7 17. Qd3 Nb4 18. Qc3+ e5 19. e4 Qe7 20. Rfd1 Rfa8 21. Rd2 Rxd2 22. Nxd2 Ra2 23. Nf1 Rc2 24. Qa1 Qf6 25. f3 d5 26. Rb2 dxe4 27. Rxc2 Nxc2 28. Qc3 Nd4 0-1

[Event "FRA-chT rapid"]
[Site "Cappelle la Grande"]
[Date "2025.04.20"]
[Round "8.8"]
[White "Adrian, Claude"]
[Black "Tomasi, Elise"]
[Result "1-0"]
[WhiteElo "2148"]
[BlackElo "2085"]
[PlyCount "89"]
[EventDate "2025.04.19"]
[EventType "team-swiss (rapid)"]
[EventRounds "15"]
[EventCountry "FRA"]
[SourceTitle "CB17_2025"]
[SourceDate "2025.04.23"]
[SourceVersion "1"]
[SourceVersionDate "2025.04.23"]
[SourceQuality "1"]

1. c4 e5 2. g3 d6 3. Bg2 f5 4. Nc3 c6 5. d4 Nd7 6. e3 Ngf6 7. Nge2 Be7 8. 0-0 0-0 9. b4 Qe8 10. b5 Nb6 11. bxc6 bxc6 12. c5 dxc5 13. dxe5 Ng4 14. f4 Be6 15. h3 Nh6 16. Qc2 Rd8 17. Rd1 Nd5 18. a3 Qh5 19. Rb1 Rd7 20. Kf2 Nb6 21. Rxd7 Bxd7 22. Na4 Nxa4 23. Qxa4 Qe8 24. Rb7 Bd8 25. Qxa7 Rf7 26. a4 c4 27. Ba3 Be6 28. Rxf7 Nxf7 29. a5 Qd7 30. Qa8 Bd5 31. a6 Bxg2 32. Kxg2 Qd5+ 33. Kf2 g5 34. Be7 g4 35. Bxd8 Nxd8 36. hxg4 fxg4 37. Nd4 c3 38. Qc8 c2 39. Qxg4+ Kh8 40. Nxc2 Qc4 41. Qe2 Qa4 42. Nd4 c5 43. Nf5 c4 44. Qb2 Qa5 45. Qd4 1-0

[Event "FRA-chT rapid"]
[Site "Cappelle la Grande"]
[Date "2025.04.20"]
[Round "11.12"]
[White "Mougenot, Sacha"]
[Black "Adrian, Claude"]
[Result "0-1"]
[WhiteElo "1791"]
[BlackElo "2148"]
[PlyCount "42"]
[EventDate "2025.04.19"]
[EventType "team-swiss (rapid)"]
[EventRounds "15"]
[EventCountry "FRA"]
[SourceTitle "CB17_2025"]
[SourceDate "2025.04.23"]
[SourceVersion "1"]
[SourceVersionDate "2025.04.23"]
[SourceQuality "1"]

1. e4 c5 2. d4 cxd4 3. c3 Nf6 4. e5 Nd5 5. Nf3 g6 6. Bc4 Nb6 7. Bb3 Bg7 8. cxd4 Nc6 9. Bf4 d6 10. exd6 0-0 11. 0-0 exd6 12. Nc3 Bg4 13. Ne2 Bxf3 14. gxf3 Qf6 15. d5 Ne5 16. Bxe5 Qxe5 17. Nc3 Rfe8 18. Qd3 Qf4 19. Ne2 Rxe2 20. Qxe2 Be5 21. Qxe5 Qxe5 0-1

[Event "FRA-chT rapid"]
[Site "Cappelle la Grande"]
[Date "2025.04.19"]
[Round "4.12"]
[White "Giovannelli, Jonathan"]
[Black "Adrian, Claude"]
[Result "0-1"]
[WhiteElo "1855"]
[BlackElo "2148"]
[PlyCount "60"]
[EventDate "2025.04.19"]
[EventType "team-swiss (rapid)"]
[EventRounds "15"]
[EventCountry "FRA"]
[SourceTitle "CB17_2025"]
[SourceDate "2025.04.23"]
[SourceVersion "1"]
[SourceVersionDate "2025.04.23"]
[SourceQuality "1"]

1. d4 d5 2. c4 e5 3. dxe5 d4 4. Nf3 Nc6 5. a3 Bg4 6. Nbd2 Qe7 7. h3 Bxf3 8. Nxf3 0-0-0 9. g3 Nxe5 10. Nxe5 Qxe5 11. Bg2 Nf6 12. 0-0 Ne4 13. Bf4 Qe6 14. Qd3 f5 15. b4 g5 16. Bd2 Bg7 17. c5 Rhe8 18. Rac1 c6 19. b5 Rd5 20. bxc6 Qxc6 21. Bxg5 Nxg5 22. Bxd5 Qxd5 23. c6 b5 24. a4 Nxh3+ 25. Kh2 Re6 26. f3 Re3 27. Qxb5 Qxb5 28. axb5 Ng5 29. Rfe1 d3 30. f4 d2 0-1

[Event "Lignano Bella Italia op 3rd"]
[Site "Lignano Sabbiadoro"]
[Date "2024.08.20"]
[Round "5"]
[White "Adrian, Claude"]
[Black "Krithigga, K."]
[Result "1-0"]
[WhiteElo "2149"]
[BlackElo "1980"]
[PlyCount "117"]
[EventDate "2024.08.17"]
[EventType "swiss"]
[EventRounds "9"]
[EventCountry "ITA"]
[SourceTitle "CBM 221 Extra"]
[Source "ChessBase"]
[SourceDate "2024.09.30"]
[SourceVersion "1"]
[SourceVersionDate "2024.09.30"]
[SourceQuality "1"]

1. Nf3 d5 2. d4 Nf6 3. c4 e6 4. g3 Be7 5. Bg2 0-0 6. 0-0 dxc4 7. Nc3 c5 8. dxc5 Qa5 9. Qd4 Nc6 10. Qxc4 Qxc5 11. Qxc5 Bxc5 12. Bf4 a6 13. Rac1 Re8 14. Ne5 Nxe5 15. Bxe5 Ng4 16. Bc7 Re7 17. Ba5 Ba7 18. Ne4 Rd7 19. Rfd1 Ne5 20. Nd6 Nc6 21. Rxc6 bxc6 22. Bxc6 Rb8 23. Bxd7 Bxd7 24. Bc7 Rb4 25. Nxf7 Rd4 26. Rxd4 Bxd4 27. Ne5 Bb5 28. Nd3 Bxd3 29. exd3 Bxb2 30. f4 Kf7 31. Kf2 h5 32. Ke3 g6 33. Be5 Bc1+ 34. Kd4 Bd2 35. Kc5 Ke7 36. Kb6 a5 37. a4 Kd7 38. Kb5 Be1 39. Bd4 h4 40. gxh4 Bxh4 41. Kxa5 Kc6 42. Kb4 Be1+ 43. Bc3 Bf2 44. a5 Be3 45. Be5 Bd2+ 46. Ka4 Kc5 47. Bb8 Kc6 48. a6 Be3 49. a7 Kb7 50. Kb5 Bg1 51. h3 Be3 52. Kc4 Bf2 53. d4 Bh4 54. d5 exd5+ 55. Kxd5 Bd8 56. Ke6 g5 57. f5 Ba5 58. f6 Bb4 59. Kf5 1-0

[Event "Lignano Bella Italia op 3rd"]
[Site "Lignano Sabbiadoro"]
[Date "2024.08.20"]
[Round "6"]
[White "Liu, Casper Yukun"]
[Black "Adrian, Claude"]
[Result "1-0"]
[WhiteElo "2339"]
[BlackElo "2149"]
[PlyCount "71"]
[EventDate "2024.08.17"]
[EventType "swiss"]
[EventRounds "9"]
[EventCountry "ITA"]
[SourceTitle "CBM 221 Extra"]
[Source "ChessBase"]
[SourceDate "2024.09.30"]
[SourceVersion "1"]
[SourceVersionDate "2024.09.30"]
[SourceQuality "1"]

1. d4 Nf6 2. c4 c5 3. d5 b5 4. cxb5 a6 5. bxa6 e6 6. Nc3 exd5 7. Nxd5 Be7 8. Nf3 0-0 9. Bf4 Nxd5 10. Qxd5 Nc6 11. 0-0-0 Rxa6 12. a3 Bb7 13. e4 Na5 14. Qxd7 Nb3+ 15. Kb1 Bxe4+ 16. Ka2 Rb6 17. Bc4 Na5 18. Qxd8 Bxd8 19. Bd5 Bf6 20. Ne5 Rfb8 21. b4 Bc2 22. Rc1 cxb4 23. Rxc2 b3+ 24. Bxb3 Rxb3 25. Rhc1 g5 26. Rc8+ Kg7 27. Rxb8 Rxb8 28. Rc7 Kg8 29. Rxf7 Rb6 30. Ra7 Nc6 31. Ra8+ Kg7 32. Nc4 Nb4+ 33. Kb3 Re6 34. Bxg5 Bxg5 35. axb4 Re2 36. Ra2 1-0

[Event "Bratislava exe op"]
[Site "Bratislava"]
[Date "2023.09.16"]
[Round "2"]
[White "Adrian, Claude"]
[Black "Kazakouski, Valery"]
[Result "0-1"]
[WhiteElo "2161"]
[BlackElo "2558"]
[PlyCount "70"]
[EventDate "2023.09.15"]
[EventType "swiss"]
[EventRounds "9"]
[EventCountry "SVK"]
[SourceTitle "CBM 216 Extra"]
[Source "ChessBase"]
[SourceDate "2023.11.30"]
[SourceVersion "1"]
[SourceVersionDate "2023.11.30"]
[SourceQuality "1"]

1. Nf3 d5 2. d4 c6 3. c4 dxc4 4. e3 Be6 5. a4 Bd5 6. Na3 Nf6 7. Nxc4 e6 8. Bd3 c5 9. 0-0 Nc6 10. Nce5 Nxe5 11. Nxe5 Bd6 12. Bb5+ Ke7 13. b3 Qb8 14. Bb2 Rd8 15. f4 a6 16. Bc4 Be4 17. Qe2 Qa7 18. Rad1 Rac8 19. f5 b5 20. axb5 axb5 21. Bxb5 cxd4 22. Bxd4 Qb8 23. Nxf7 Kxf7 24. fxe6+ Ke7 25. Bxf6+ gxf6 26. Qg4 Bg6 27. Bd7 Rc5 28. Qh4 Rg5 29. Rxf6 Bxh2+ 30. Kh1 Qg3 31. Qxh7+ Kxf6 32. Rf1+ Rf5 33. Rxf5+ Bxf5 34. Qf7+ Ke5 35. e7 Qe1+ 0-1

[Event "Vaujany op 14th"]
[Site "Vaujany"]
[Date "2023.07.21"]
[Round "9"]
[White "Estremera Panos, Sergio"]
[Black "Adrian, Claude"]
[Result "1/2-1/2"]
[WhiteElo "2275"]
[BlackElo "2164"]
[PlyCount "58"]
[EventDate "2023.07.13"]
[EventType "swiss"]
[EventRounds "9"]
[EventCountry "FRA"]
[SourceTitle "CBM 215 Extra"]
[Source "ChessBase"]
[SourceDate "2023.09.30"]
[SourceVersion "1"]
[SourceVersionDate "2023.09.30"]
[SourceQuality "1"]

1. d4 Nf6 2. c4 c5 3. d5 b5 4. cxb5 a6 5. e3 e6 6. Nc3 exd5 7. Nxd5 Bb7 8. Nxf6+ Qxf6 9. Nf3 Be7 10. Be2 0-0 11. 0-0 d5 12. Qc2 axb5 13. Bxb5 d4 14. e4 Qg6 15. Re1 Nc6 16. a3 Rfd8 17. Bf4 Rac8 18. Bc4 h6 19. Ne5 Nxe5 20. Bxe5 Bf8 21. Bg3 Rd7 22. Qd3 Qb6 23. Re2 Re8 24. Rae1 Bc6 25. f4 Rb7 26. Bf2 Bb5 27. b4 Bxc4 28. Qxc4 cxb4 29. Bxd4 Qd8 1/2-1/2

[Event "Villa de Gijon op 6th"]
[Site "Gijon"]
[Date "2022.09.11"]
[Round "3"]
[White "Adrian, Claude"]
[Black "Szpar, Milosz"]
[Result "1/2-1/2"]
[WhiteElo "2156"]
[BlackElo "2442"]
[PlyCount "40"]
[EventDate "2022.09.10"]
[EventType "swiss"]
[EventRounds "9"]
[EventCountry "ESP"]
[SourceTitle "CBM 210 Extra"]
[Source "ChessBase"]
[SourceDate "2022.11.30"]
[SourceVersion "1"]
[SourceVersionDate "2022.11.30"]
[SourceQuality "1"]

1. Nf3 c5 2. c4 g6 3. d4 cxd4 4. Nxd4 Bg7 5. e4 Nc6 6. Nc2 Nf6 7. Nc3 d6 8. Be2 Nd7 9. Bd2 a5 10. 0-0 Nc5 11. f3 0-0 12. Kh1 a4 13. Ne3 f5 14. exf5 gxf5 15. f4 Bd7 16. Rb1 Nd4 17. Be1 Bc6 18. Bh4 b6 19. Ned5 Ra7 20. Re1 Kh8 1/2-1/2

[Event "Vaujany op 13th"]
[Site "Vaujany"]
[Date "2022.07.17"]
[Round "4"]
[White "Di Nicolantonio, Lucas"]
[Black "Adrian, Claude"]
[Result "1-0"]
[WhiteElo "2369"]
[BlackElo "2174"]
[PlyCount "43"]
[EventDate "2022.07.14"]
[EventType "swiss"]
[EventRounds "9"]
[EventCountry "FRA"]
[SourceTitle "EXT 2023"]
[Source "ChessBase"]
[SourceDate "2022.10.05"]
[SourceVersion "1"]
[SourceVersionDate "2022.10.05"]
[SourceQuality "1"]

1. Nf3 Nf6 2. c4 c5 3. Nc3 e6 4. e3 d5 5. cxd5 exd5 6. d4 a6 7. Be2 cxd4 8. Nxd4 Bd6 9. b3 0-0 10. Bb2 Nc6 11. 0-0 Re8 12. Bf3 Bc7 13. Rc1 Qd6 14. g3 Bh3 15. Re1 Qd7 16. Nxc6 bxc6 17. Na4 Ne4 18. Bxe4 Rxe4 19. Nc5 Qf5 20. Nxe4 Qxe4 21. f3 Qg6 22. Qc2 1-0

[Event "FRA-chT Top 16 Gp Haute"]
[Site "Chartres"]
[Date "2022.06.18"]
[Round "3.1"]
[White "Daulyte Cornette, Deimante"]
[Black "Adrian, Claude"]
[Result "1-0"]
[WhiteElo "2384"]
[BlackElo "2173"]
[PlyCount "69"]
[EventDate "2022.06.16"]
[EventType "team-tourn"]
[EventRounds "4"]
[EventCountry "FRA"]
[SourceTitle "CBM 208 Extra"]
[Source "ChessBase"]
[SourceDate "2022.07.31"]
[SourceVersion "1"]
[SourceVersionDate "2022.07.31"]
[SourceQuality "1"]
[WhiteTeam "Chartres"]
[BlackTeam "Vandoeuvre"]
[WhiteTeamCountry "FRA"]
[BlackTeamCountry "FRA"]

1. e4 c5 2. Nf3 g6 3. d4 cxd4 4. Nxd4 Nc6 5. c4 Nf6 6. Nc3 d6 7. Be2 Nxd4 8. Qxd4 Bg7 9. 0-0 0-0 10. Qd1 Be6 11. Bg5 Qa5 12. Bd2 Rfc8 13. Nd5 Qd8 14. Bg5 Nxd5 15. exd5 Bd7 16. Qd2 a6 17. Rfe1 b5 18. Rac1 Be8 19. Bf1 f6 20. Be3 bxc4 21. Bxc4 Bb5 22. Bxb5 axb5 23. a3 Ra4 24. Bb6 Qd7 25. Rxc8+ Qxc8 26. Rxe7 Rc4 27. h3 f5 28. b3 Rc1+ 29. Kh2 Rc2 30. Qd3 h5 31. Qxb5 Qc3 32. Qe8+ Kh7 33. Qf7 h4 34. Re6 Kh8 35. Qe8+ 1-0

[Event "Liberec op 21st"]
[Site "Liberec"]
[Date "2022.02.08"]
[Round "4"]
[White "Rosol, Alexander"]
[Black "Adrian, Claude"]
[Result "0-1"]
[WhiteElo "1902"]
[BlackElo "2186"]
[PlyCount "56"]
[EventDate "2022.02.05"]
[EventType "swiss"]
[EventRounds "9"]
[EventCountry "CZE"]
[SourceTitle "EXT 2023"]
[Source "ChessBase"]
[SourceDate "2022.10.05"]
[SourceVersion "1"]
[SourceVersionDate "2022.10.05"]
[SourceQuality "1"]

1. e4 c5 2. b4 cxb4 3. a3 e5 4. Nf3 Nc6 5. Bb2 Nf6 6. d4 Nxe4 7. d5 bxa3 8. Rxa3 Bxa3 9. Nxa3 Qb6 10. Qe2 Qxb2 11. Qxe4 Qc1+ 12. Ke2 Qxa3 13. dxc6 bxc6 14. Kd2 Qa5+ 15. Kc1 Qd5 16. Qg4 0-0 17. Bd3 Qe6 18. Qb4 Qh6+ 19. Kd1 d5 20. Nxe5 Qh5+ 21. Nf3 Bg4 22. Kd2 Bxf3 23. gxf3 Qxf3 24. Qh4 g6 25. Rg1 Rfe8 26. Qd4 Rac8 27. Rg3 Qh1 28. Be2 Qe4 0-1

[Event "Marianske Lazne op 50+"]
[Site "Marianske Lazne"]
[Date "2022.01.20"]
[Round "7"]
[White "Adrian, Claude"]
[Black "Hulshof, Peter"]
[Result "1/2-1/2"]
[WhiteElo "2180"]
[BlackElo "2138"]
[PlyCount "29"]
[EventDate "2022.01.15"]
[EventType "swiss"]
[EventRounds "9"]
[EventCountry "CZE"]
[SourceTitle "EXT 2023"]
[Source "ChessBase"]
[SourceDate "2022.10.05"]
[SourceVersion "1"]
[SourceVersionDate "2022.10.05"]
[SourceQuality "1"]

1. Nf3 g6 2. d4 Bg7 3. c4 d6 4. g3 e5 5. dxe5 dxe5 6. Qxd8+ Kxd8 7. Nc3 f6 8. Be3 Be6 9. Bg2 Nd7 10. 0-0 Ne7 11. Rfd1 Kc8 12. Ne4 f5 13. Nfg5 Bg8 14. Nc5 Nxc5 15. Bxc5 1/2-1/2

[Event "Marianske Lazne op 50+"]
[Site "Marianske Lazne"]
[Date "2022.01.18"]
[Round "4"]
[White "Paldus, Petr"]
[Black "Adrian, Claude"]
[Result "0-1"]
[WhiteElo "1977"]
[BlackElo "2180"]
[PlyCount "56"]
[EventDate "2022.01.15"]
[EventType "swiss"]
[EventRounds "9"]
[EventCountry "CZE"]
[SourceTitle "EXT 2023"]
[Source "ChessBase"]
[SourceDate "2022.10.05"]
[SourceVersion "1"]
[SourceVersionDate "2022.10.05"]
[SourceQuality "1"]

1. e4 e6 2. d4 d5 3. exd5 exd5 4. Nf3 Bg4 5. c4 Nf6 6. Nc3 Bb4 7. Qb3 Nc6 8. Be3 Bxf3 9. gxf3 0-0 10. 0-0-0 Bxc3 11. Qxc3 a5 12. c5 Qd7 13. Bd3 Qh3 14. Bf4 g6 15. Bb1 Rfe8 16. Bxc7 Re2 17. Bg3 Rae8 18. f4 Qf5 19. a3 Ne4 20. Bxe4 R2xe4 21. Rhe1 R8e6 22. Rxe4 Rxe4 23. f3 Re8 24. b4 axb4 25. axb4 Ra8 26. b5 Na5 27. Qa3 Qf6 28. Rd3 Kg7 0-1

[Event "Marianske Lazne op 50+"]
[Site "Marianske Lazne"]
[Date "2022.01.15"]
[Round "1"]
[White "Adrian, Claude"]
[Black "Prachar, Josef"]
[Result "1-0"]
[WhiteElo "2180"]
[BlackElo "1792"]
[PlyCount "49"]
[EventDate "2022.01.15"]
[EventType "swiss"]
[EventRounds "9"]
[EventCountry "CZE"]
[SourceTitle "EXT 2023"]
[Source "ChessBase"]
[SourceDate "2022.10.05"]
[SourceVersion "1"]
[SourceVersionDate "2022.10.05"]
[SourceQuality "1"]

1. Nf3 Nf6 2. c4 e6 3. g3 d5 4. d4 Bb4+ 5. Bd2 Bxd2+ 6. Qxd2 0-0 7. Bg2 Ne4 8. Qc2 Nc6 9. 0-0 Qf6 10. Nc3 Nxc3 11. Qxc3 Qe7 12. Rac1 a5 13. Rfd1 Nb4 14. cxd5 exd5 15. Qxc7 Qxe2 16. Rd2 Qe8 17. a3 Nc6 18. Ne5 Ne7 19. Rc5 Qd8 20. Re2 b6 21. Nxf7 Qxc7 22. Rxc7 Rxf7 23. Rexe7 Rxe7 24. Rxe7 Kf8 25. Bxd5 1-0

[Event "Cattolica op-A 8th"]
[Site "Cattolica"]
[Date "2021.06.02"]
[Round "7"]
[White "Adrian, Claude"]
[Black "Dammann, Jorn"]
[Result "1-0"]
[WhiteElo "2240"]
[BlackElo "1908"]
[PlyCount "41"]
[EventDate "2021.05.27"]
[EventType "swiss"]
[EventRounds "9"]
[EventCountry "ITA"]
[SourceTitle "CBM 203 Extra"]
[Source "ChessBase"]
[SourceDate "2021.09.30"]
[SourceVersion "1"]
[SourceVersionDate "2021.09.30"]
[SourceQuality "1"]

1. c4 e6 2. Nf3 d5 3. d4 Nf6 4. g3 Be7 5. Bg2 0-0 6. 0-0 dxc4 7. Ne5 Nc6 8. Nxc6 bxc6 9. Na3 Bxa3 10. bxa3 Nd5 11. Qa4 a5 12. Qxc4 Ba6 13. Qc2 a4 14. Rd1 Bb5 15. e4 Nb6 16. Bd2 Qxd4 17. Bb4 Qc4 18. Qxc4 Nxc4 19. Bxf8 Kxf8 20. Rac1 Nb6 21. Bf1 1-0